Pedagogy for religion : (Record no. 66391)

MARC details
000 -LEADER
fixed length control field 00901nam a22002297a 4500
005 - DATE AND TIME OF LATEST TRANSACTION
control field 20120509160515.0
008 - FIXED-LENGTH DATA ELEMENTS--GENERAL INFORMATION
fixed length control field 120509t xxu||||| |||| 00| 0 eng d
010 ## - LCCN (DPL NO)
LC control number ENG-105233
020 ## - INTERNATIONAL STANDARD BOOK NUMBER
International Standard Book Number 9788125045052
Terms of availability 645.00
035 ## - SYSTEM CONTROL NUMBER
System control number EN-88766
037 ## - SOURCE OF ACQUISITION
Source of stock number/acquisition DBAD/PUB
040 ## - CATALOGING SOURCE
Original cataloging agency DPL
Language of cataloging Eng
082 ## - DEWEY DECIMAL CLASSIFICATION NUMBER
Classification number 371.07125414
100 ## - MAIN ENTRY--PERSONAL NAME
9 (RLIN) 46516
Personal name Sengupta, Parna
245 ## - TITLE STATEMENT
Title Pedagogy for religion :
Statement of responsibility, etc by Parna Sengupta
Remainder of title missionary education and the fashioning of Hindus and Muslims in Bengal /
260 ## - PUBLICATION, DISTRIBUTION, ETC. (IMPRINT)
Place of publication, distribution, etc New Delhi
Name of publisher, distributor, etc Orient Blackswan
Date of publication, distribution, etc 2012
270 ## - ADDRESS
Address 1/24 Asaf Ali Road
City New Delhi
Postal code 110002
300 ## - PHYSICAL DESCRIPTION
Extent x,211p.
Dimensions 22cm(Hb)
500 ## - GENERAL NOTE
General note Includes bibliographical references and index
942 ## - ADDED ENTRY ELEMENTS (KOHA)
Source of classification or shelving scheme Dewey Decimal Classification
Item type English Books
Classification part 371.07125414
Call number suffix SEN
Holdings
Withdrawn status Lost status Source of classification or shelving scheme Damaged status Not for loan Collection code Home library Current library Date acquired Source of acquisition Cost, normal purchase price Total Checkouts Full call number Barcode Date last seen Copy number Cost, replacement price Koha item type
    Dewey Decimal Classification   Not For Loan Non-fiction D.B.Act.Division D.B.Act.Division 09/05/2012 DBAD/PUB 645.00   371.07125414 SEN EN-88766 09/05/2012 1 645.00 English Books

© Delhi Public Library
Hit Counter
free hit counter